Οικιστική οργάνωση στην προϊστορική Ελλάδα : η νεολιθική και η πρώιμη εποχή του Χαλκού

Αποθηκεύτηκε σε:
Λεπτομέρειες βιβλιογραφικής εγγραφής
Κύριος συγγραφέας: Παπαδόπουλος, Στρατής
Μορφή: Βιβλίο
Γλώσσα:Greek
Δημοσίευση: [Θεσσαλονίκη] : Εκδόσεις Αθανασίου Αλτιντζή, [2016].
Θέματα:
Ετικέτες: Προσθήκη ετικέτας
Δεν υπάρχουν, Καταχωρήστε ετικέτα πρώτοι!

MARC

LEADER 00000cam a2200000 a 4500
001 1/123112
008 210601syyyy####gr dab ||| |||| ||gre||
020 |a 9789609465243 
040 |a GR-MyUa  |b gre  |c GR-MyUa  |e AACR2 
041 0 |a gre 
082 7 |a 938.11  |2 (23) 
100 1 |a Παπαδόπουλος, Στρατής. 
245 1 0 |a Οικιστική οργάνωση στην προϊστορική Ελλάδα :   |b η νεολιθική και η πρώιμη εποχή του Χαλκού /   |c Στρατής Παπαδόπουλος ; εισαγωγή Χ. Κουκούλη-Χρυσανθάκη.  
260 |a [Θεσσαλονίκη] :   |b Εκδόσεις Αθανασίου Αλτιντζή,   |c [2016].  
300 |a 339 σ. :   |b εικ.,   |c 29 εκ.  
504 |a Περιλαμβάνει βιβλιογραφικές παραπομπές και ευρετήριο.  
650 0 |a Neolithic period  |z Greece. 
650 0 |a Bronze age  |z Greece. 
650 0 |a Pottery, Prehistoric  |z Greece. 
700 1 |a Κουκούλη-Χρυσανθάκη, Χάϊδω,  |e oth 
852 |a INST  |b LESVOS  |c EUDOXUS  |e 20210601  |h 938.11 ΠΑΠ  |p 005100063274  |q 005100063274  |t EDX  |y 0 
920 |a Εύδοξος  |b Παραγγελία  |y Λέσβος-ΤΚ  |z 2021-06 
970 |a Καμάτσου  |b Δέσποινα  |z 01-06-2021